000 01033cam a2200277 4500
001 WS106670
008 000000n 000 0 eng u
035 _a(Sirsi) u106670
110 _aDepartment for Environment, Food and Rural Affairs
_94094
245 _aDEFRA: Environment
520 _aThe DEFRA's web pages on environmental protection which covers air quality information, chemicals in the environment, environmental assessment, sustainable development, contamiated land and facts and figures on the UK environment.
650 _aSUSTAINABLE DEVELOPMENT
650 _aAIR QUALITY
650 _aENVIRONMENTAL ASSESSMENT
650 _aCONTAMINATED LAND
650 _aCLIMATE CHANGE
650 _aENERGY EFFICIENCY
650 _aGLOBAL WARMING
650 _aPESTICIDES
650 _aGOVERNMENT
650 _aRural
_96268
650 _aPOLLUTION
690 _aEnvironment
_96238
856 4 0 _uhttps://www.defra.gov.uk/environment/index.htm
_zView the website free of charge at www.defra.gov.uk...
942 _n0
999 _c119505
_d119505